Nakladanie s komunálnym odpadom v meste Trebišov bakalárska práca

Enregistré dans:
Détails bibliographiques
Auteur principal: Rešetár, Peter
Collectivité auteur: Podnikovohospodárska fakulta EU so sídlom v Košiciach. Katedra ekonómie
Autres auteurs: Stričík, Michal, 1969-
Format: Livre
Langue:slovaque
Publié: Košice 2015
Tags: Ajouter un tag
Pas de tags, Soyez le premier à ajouter un tag!

MARC

LEADER 00000nbm a2200000 4500
001 0206351
005 20240827092640.8
041 0 |a slo 
044 |a SK 
245 1 0 |a Nakladanie s komunálnym odpadom v meste Trebišov  |b bakalárska práca  |c Peter Rešetár ; školiteľ: Michal Stričík 
264 1 |a Košice  |c 2015 
300 |a 44 s. 
100 1 |a Rešetár, Peter 
700 1 |a Stričík, Michal, 1969- 
710 2 |a Podnikovohospodárska fakulta EU so sídlom v Košiciach. Katedra ekonómie